000 00439nam a22001697a 4500
005 20260211125409.0
008 260211b |||||||| |||| 00| 0 eng d
020 _a9788198096005
_c1695.00
040 _aMAIN
082 _a591.4
_bJAI
100 _aJain, Rahul
_919530
245 _aComparative Anatomy of Vertebrates
260 _aNew Delhi
_bBlackwell Pres
_c2025
300 _a318
650 _aBiological Science
_914046
942 _cBK
999 _c60321
_d60321